000 00468nam a2200157 i 4500
001 bg
245 0 _aGlas :
_btechnologie : von einen Autorenkollektiv /
_cfederfürung Hannelore Richter.
260 _aLepzig :
_bVEB Deutscher Verl. für Grundsoffindistrie,
_c1988.
300 _a311 s. :
_brys., wykr. ;
_c23 cm.
504 _aBibliogr. s. 306-308.
040 _cBPK
041 _apol
080 _a666.1
942 _cKS
008 s pl f |000 0 pol
999 _c28846
_d28846
856 _uhttp://koha.tu.koszalin.pl/cgi-bin/koha/opac-detail.pl?biblionumber=28846
_yKatalog online BPK